1105 1408 1487 1896 1012 1364 1847 1088 1033 1225 1993 1688 1302 1197 1631 1386 1770 1103 1070 1281 1497 1463 1512 1551 1691 1621 1728 1451 1039 1726 1150 1406 1906 1176 1508 1058 1103 1349 1072 1160 1676 1446 1088 1434 1545 1799 1271 1616 1715 1151 1251 1227 1731 1969 1476 1566 1910 1556 1909 1127 1150 1150 1130 1598 1560 1067 1960 1164 1871 1492 1262 1499 1069 1170 1045 1432 1223 1617 1349 1198 1965 1719 1560 1614 1015 1778 1164 1450 1331 1212 1917 1572 1227 1493 1404 1485 1958 1293 1087 BCNSPRNW ULIB Ver.6.0+V

เปลี่ยนเป็นภาษาไทย

Change to English
 แสดงรายละเอียดบรรณานุกรม
  กลับหน้าหลัก

Brief Record : Get Marc (ISO 2709) : E-mail record : QR code < ปิดหน้าต่าง
LEADER : 00000nam 2200000uu 4500
001    13399124780
003     ULIB
008    160323s2015||||th 000 0 eng d
020    ^a9781451192711
020    ^a1451192711
060 04 ^aWY100^bL989t
100 1  ^aLynn, Pamela Barbara
245 10 ^aTaylor s clinical nursing skills :^ba nursing processapproach /^cPamela Lynn.
246 13 ^aClinical nursing skills.
250    ^a4th ed.
260    ^aPhiladelphia :^bWolters Kluwer/Lippincott Williams &Wilkins Health,^c2015.
300    ^axx, 1116 p. :^bcol. ill. ;^c28 cm.
504    ^aIncludes bibliographical references and index.
650  2 ^aNursing.
650  2 ^aNursing Process.
650  2 ^aNursing Care^xmethods.
700 1  ^aTaylor, Carol.
945    ^p2800^l0^i000329
999    ^aเกษร โพธิ์สุวรรณ
รายการนี้ยังไม่มีแท็ก
คุณยังไม่ได้ล็อกอิน คุณสามารถมีกิจกรรมร่วมกับเว็บไซต์ได้ แต่ต้องล็อกอินก่อน ::
  ล็อกอิน

รายการสื่อสารสนเทศ

ลำดับที่ ประเภท เลขเรียก/บาร์โค้ด สถานที่ สถานะ
1. Book การพยาบาล
Book การพยาบาล
WY100 L989t ฉ.1 
  Barcode: 000329
ห้องสมุดวิทยาเขตสวรรค์ประชารักษ์
►หนังสือทั่วไป
ถูกยืม กำหนดส่งวันที่ 30 มิถุนายน 2568
  จอง

รายการใกล้เคียง
    หัวเรื่อง [Nursing.]
    หัวเรื่อง [Nursing Process.]

BibComment


ยังไม่เคยถูกคอมเมนท์

คอมเมนท์ทรัพยากรรายการนี้
  คอมเมนท์: Taylor s clinica..


 Copyright 2026. Bcnsprnw @Library